Statistics for Municipalities of Belize

Click here to take the quiz!

General Stats

  • This quiz has been taken 3 times
  • The average score is 4 of 242

Answer Stats

DistrictAnswerPopulation% Correct
BelizeBelize City57164
100%
CayoBelmopan13919
50%
CorozalCorozal Town10287
50%
Orange WalkOrange Walk Town13700
50%
ToledoSan Pedro1703
50%
BelizeSan Pedro11767
50%
CorozalSan Pedro520
50%
ToledoAguacate369
0%
CorozalAltamira210
0%
Stann CreekAlta Vista369
0%
CayoArenal613
0%
CayoArmenia1395
0%
Orange WalkAugust Pine Ridge1794
0%
ToledoBarranco157
0%
ToledoBella Vista3508
0%
CayoBenque Viejo del Carmen6148
0%
BelizeBermudian Landing183
0%
ToledoBig Falls845
0%
CayoBilly White586
0%
BelizeBiscayne517
0%
CayoBlackman Eddy533
0%
Orange WalkBlue Creek407
0%
BelizeBomba71
0%
ToledoBoom Creek96
0%
BelizeBoston127
0%
CayoBranch Mouth127
0%
CayoBuena Vista599
0%
CorozalBuena Vista494
0%
CayoBullet Tree Falls2124
0%
BelizeBurrell Boom2218
0%
CorozalCalcutta846
0%
CorozalCaledonia1400
0%
CayoCalla Creek286
0%
CayoCamalote2562
0%
Orange WalkCarmelita1475
0%
CorozalCarolina206
0%
ToledoCattle Landing226
0%
BelizeCaye Caulker1763
0%
CayoCentral Farm205
0%
CorozalChan Chen715
0%
Orange WalkChan Chich52
0%
Orange WalkChan Pine Ridge445
0%
CorozalChunox1375
0%
Corozal
Concepción1256
0%
ToledoConejo209
0%
CorozalConsejo351
0%
CorozalCopper Bank470
0%
ToledoCorazon188
0%
BelizeCorozalito84
0%
CayoCotton Tree1573
0%
Stann CreekCow Pen1042
0%
ToledoCrique Jute223
0%
ToledoCrique Largo46
0%
ToledoCrique Sarco328
0%
ToledoCrique Trosa84
0%
CorozalCristo Rey868
0%
CayoCristo Rey874
0%
BelizeCrooked Tree805
0%
Orange WalkCuarto Leguas154
0%
Stann CreekDangriga9583
0%
ToledoDolores460
0%
BelizeDouble Head Cabbage406
0%
Orange WalkDouglas521
0%
CayoDuck Run I663
0%
CayoDuck Run II370
0%
CayoDuck Run III400
0%
ToledoDump198
0%
ToledoElridge513
0%
CayoEsperanza1262
0%
CorozalEstrella37
0%
Orange WalkFire Burn103
0%
BelizeFlowers Bank121
0%
ToledoForest Home479
0%
CayoFranks Eddy378
0%
BelizeFreetown Sibun78
0%
BelizeGales Point297
0%
BelizeGardenia303
0%
Stann CreekGeorge Town473
0%
CayoGeorgeville922
0%
ToledoGolden Stream349
0%
BelizeGracie Rock255
0%
ToledoGraham Creek110
0%
Orange WalkGuinea Grass3218
0%
BelizeHattieville2344
0%
ToledoHicattee95
0%
ToledoHicattee Southern Highway363
0%
Orange WalkHoney Camp37
0%
Stann CreekHope Creek1128
0%
Stann CreekHopkins1610
0%
Stann CreekHummingbird Community466
0%
Stann CreekIndependence4014
0%
Orange WalkIndian Church267
0%
ToledoIndian Creek722
0%
Orange WalkIndian Creek904
0%
Orange WalkIndian Hill Estate43
0%
BelizeIsabella Bank143
0%
ToledoJacinto-Westmoreland337
0%
ToledoJalacte769
0%
ToledoJordan146
0%
Stann CreekKendall118
0%
BelizeLa Democracia353
0%
BelizeLadyville5458
0%
CayoLa Gracia271
0%
ToledoLaguna257
0%
BelizeLemonal169
0%
CorozalLibertad1607
0%
CorozalLittle Belize2650
0%
BelizeLord's Bank3140
0%
CayoLos Tambos358
0%
CorozalLouisville880
0%
CayoLower Barton Creek193
0%
BelizeLucky Strike244
0%
ToledoMabilha205
0%
ToledoMafredi149
0%
BelizeMahogany Heights1063
0%
Stann CreekMango Creek80
0%
ToledoMango Walk244
0%
BelizeMaskall803
0%
Stann CreekMaya Beach229
0%
Stann CreekMaya Center386
0%
Stann CreekMaya Mopan632
0%
BelizeMay Pen50
0%
ToledoMedina Bank237
0%
Stann CreekMiddlesex222
0%
ToledoMidway240
0%
BelizeMile 25 Village69
0%
ToledoMonkey River196
0%
ToledoMoody Hill44
0%
CayoMore Tomorrow154
0%
Stann CreekMullins River235
0%
ToledoNa Luum Ca66
0%
ToledoNew Road Area357
0%
CayoOntario775
0%
ToledoOtoxha263
0%
CorozalParaiso1008
0%
CayoPaslow Falls-Plant194
0%
CorozalPatchakan1374
0%
Orange WalkPetville67
0%
ToledoPinehill206
0%
Stann CreekPlacencia1752
0%
Stann CreekPomona1730
0%
CorozalProgresso1356
0%
ToledoPueblo Viejo432
0%
ToledoPunta Gorda5351
0%
ToledoPunta Negra43
0%
CorozalRanchito1340
0%
BelizeRancho Dolores217
0%
Stann CreekRed Bank1201
0%
Orange WalkRichmond Hill38
0%
CayoRingtail Village187
0%
Stann CreekRiversdale567
0%
CayoRoaring Creek1974
0%
BelizeRock Stone Pond154
0%
CorozalSan Andrés1049
0%
ToledoSan Antonio1204
0%
CayoSan Antonio1847
0%
Orange WalkSan Antonio402
0%
CorozalSan Antonio569
0%
ToledoSan Benito Poite542
0%
Orange WalkSan Carlos138
0%
BelizeSandhill1842
0%
Orange WalkSan Estevan1661
0%
Orange WalkSan Felipe1501
0%
ToledoSan Felipe353
0%
CayoSan Ignacio10490
0%
ToledoSan Isidro374
0%
CorozalSan Joaquín1470
0%
ToledoSan Jose849
0%
Orange WalkSan José2861
0%
Orange WalkSan José Palmar1355
0%
CayoSan Jose Succotz2322
0%
Orange WalkSan Juan320
0%
Stann CreekSan Juan438
0%
Orange WalkSan Lázaro1050
0%
Orange WalkSan Lorenzo404
0%
ToledoSan Lucas121
0%
Orange WalkSan Luis258
0%
ToledoSan Marcos622
0%
CayoSan Marcos142
0%
ToledoSan Miguel537
0%
CorozalSan Narciso2423
0%
ToledoSan Pablo250
0%
Orange WalkSan Pablo1129
0%
Orange WalkSan Román437
0%
CorozalSan Román883
0%
Stann CreekSan Román894
0%
ToledoSanta Ana290
0%
CorozalSanta Clara862
0%
Stann CreekSanta Cruz774
0%
Orange WalkSanta Cruz260
0%
ToledoSanta Elena200
0%
CayoSanta Elena7389
0%
CayoSanta Familia1597
0%
CayoSanta Marta1136
0%
Orange WalkSanta Marta600
0%
BelizeSantana104
0%
CayoSanta Rosa64
0%
Stann CreekSanta Rosa542
0%
ToledoSanta Teresa369
0%
CayoSanta Teresita83
0%
ToledoSan Vicente441
0%
CorozalSan Víctor962
0%
Stann CreekSarawee525
0%
CorozalSarteneja1824
0%
BelizeScotland Halfmoon259
0%
Stann CreekSeine Bight1310
0%
CayoSelena201
0%
CayoSeven Miles482
0%
Orange WalkShipyard3345
0%
Stann CreekSilk Grass1092
0%
ToledoSilver Creek476
0%
Stann CreekSittee River439
0%
Stann CreekSouth Stann Creek686
0%
CayoSpanish Lookout2253
0%
CayoSpringfield270
0%
BelizeSt. Ann's97
0%
Stann CreekSteadfast482
0%
BelizeSt. George's Caye656
0%
CayoSt. Matthews1153
0%
BelizeSt. Paul's Bank153
0%
ToledoSunday Wood285
0%
ToledoSwasey257
0%
Orange WalkSylvestre Camp88
0%
ToledoTambran63
0%
CayoTeakettle1746
0%
Orange WalkTower Hill314
0%
Orange WalkTres Leguas158
0%
Orange WalkTrial Farm4264
0%
Orange WalkTrinidad570
0%
ToledoTrio899
0%
CayoUnitedville971
0%
CayoUpper Barton Creek380
0%
Stann CreekValley Community627
0%
CayoValley of Peace2111
0%
BelizeWestern Paradise-West Lake-8 Miles1258
0%
BelizeWillows Bank185
0%
ToledoWilson Road56
0%
CorozalXaibe1575
0%
CayoYalbac131
0%
ToledoYemeri Grove265
0%
CorozalYo Chen80
0%
Orange WalkYo Creek1413
0%

Score Distribution

Percentile by Number Answered

Percent of People with Each Score

Your Score History

You have not taken this quiz